000 00915nam a22002297a 4500
005 20250527142757.0
008 250527b |||||||| |||| 00| 0 eng d
020 _a978-81-7770-155-5 (hbk)
037 _cTB
040 _aCRL
_cCRL
041 _2Pun
_aPun
084 _aQ8441:33:g(R) 153Q0
_qTB
100 _aਢਿੱਲੋਂ, ਜਸਵਿੰਦਰ ਕੌਰ
245 _aਗੁਰੂ ਨਾਨਕ ਦੀ ਕੀਮਤ ਮੀਮਾਂਸਾ
260 _aਅਮ੍ਰਿਤਸਰ, ਭਾਰਤ:
_bਗੁਰੂ ਨਾਨਕ ਦੇਵ ਯੂਨੀਵਰਸਿਟੀ,
_c2010.
300 _a221 ਪ.
365 _b450.00
_cINR
650 _aਧਰਮ
650 _aਸਿੱਖ ਧਰਮ
942 _2CC
_cTB
_hQ8441:33:g(R) 153Q0
_n0
999 _c1431073
_d1431073